| 000 | 00000nam##2200000za#4500 |
| 001 | 9.608268 |
| 003 | CaOODSP |
| 005 | 20251103144802 |
| 007 | cr ||||||||||| |
| 008 | 150406|2014||||xxc|||||o f|0| 0 fre|d |
| 040 | |aCaOODSP|bfre |
| 043 | |an-cn--- |
| 086 | 1 |aPS73-1/2014-09-02F-PDF |
| 110 | 2 |aService canadien du renseignement de sécurité. |
| 245 | 10|aLes répercussions sécuritaires d'un Moyen-Orient post-révolutionnaire : |h[ressource électronique]|bpoints saillants de la conférence |
| 260 | |aOttawa - Ontario : |bService canadien du renseignement de sécurité |cSeptembre 2014. |
| 300 | |a132p.|bréférences |
| 490 | 1 |aSérie Regards sur le monde|vSérie publication nº 2014-09-02 |
| 590 | |a15-05|b2015-01-30 |
| 775 | 08|tPitfalls and promises - security implications of a post-revolutionary Middle East : |w(CaOODSP)9.581437 |
| 830 | #0|aSérie Regards sur le monde ;|vSérie publication nº 2014-09-02|w(CaOODSP)9.504072 |
| 856 | 40|ahttp://publications.gc.ca|qPDF|s1.90 Mo|uhttps://publications.gc.ca/collections/collection_2015/scrs-csis/PS73-1-2014-09-02-fra.pdf|ySérie publication nº 2014-09-02 |